000 00325nam a2200157Ia 4500
100 _aSharma/Robin
650 _aGeneral
942 _cBK
366 _f20
245 _aWho will cry when you die?
260 _bJaico Publishing House
_c2003
082 _a808.83
_bSHA
300 _a225
546 _aENGLISH
999 _c20262
_d20262